Normal view
MARC view
- Neurolinguistics
Entry Topical Term
001 - CONTROL NUMBER
- control field: 124666
003 - CONTROL NUMBER IDENTIFIER
- control field: NUST
005 - DATE AND TIME OF LATEST TRANSACTION
- control field: 20240721124017.0
008 - FIXED-LENGTH DATA ELEMENTS
- fixed length control field: 240721|| aca||aabn | a|a d
040 ## - CATALOGING SOURCE
- Original cataloging agency: NUST
- Transcribing agency: NUST
150 ## - HEADING--TOPICAL TERM
- Topical term or geographic name entry element: Neurolinguistics
670 ## - SOURCE DATA FOUND
- Source citation: Work cat.: (NUST)2927: Deacon, Terrence William. 124665, The symbolic species :, c1997.
